Les pokémon de type normal (avec types indiqués) - Statistiques

Statistiques générales
  • Ce quiz a été pris 1 276 fois
    1 234 depuis la dernière actualisation
  • Le résultat moyen est 63 sur 97
Statistiques - réponses
Génération Type(s) N°National Pokémon % Correct
1ère Normal Vol 18 Roucarnage
98%
1ère Normal Vol 16 Roucool
98%
1ère Normal Vol 17 Roucoups
98%
1ère Normal Vol 21 Piafabec
96%
1ère Normal Vol 22 Rapasdepic
96%
1ère Normal 19 Rattata
94%
1ère Normal Fée 40 Grodoudou
93%
1ère Normal 20 Rattatac
93%
1ère Normal Fée 39 Rondoudou
93%
1ère Normal 143 Ronflex
86%
1ère Normal 128 Tauros
83%
1ère Normal 113 Leveinard
82%
2ème Normal Vol 163 Hoothoot
81%
1ère Normal 133 Evoli
79%
2ème Normal 161 Fouinette
79%
4ème Normal Vol 396 Etourmi
78%
4ème Normal Vol 397 Etourvol
78%
4ème Normal Vol 398 Etouraptor
77%
2ème Normal Fée 174 Toudoudou
77%
3ème Normal Vol 277 Heledelle
75%
1ère Normal 52 Miaouss
75%
1ère Normal 53 Persian
75%
1ère Normal Vol 84 Doduo
74%
3ème Normal Vol 276 Nirondelle
74%
5ème Normal Vol 519 Poichigeon
74%
1ère Normal Vol 83 Canarticho
73%
4ème Normal Eau 400 Castorno
73%
5ème Normal Vol 521 Deflaisan
73%
1ère Normal Vol 85 Dodrio
73%
4ème Normal 399 Keunotor
73%
3ème Normal 263 Zigzaton
73%
2ème Normal 242 Leuphorie
72%
3ème Normal 264 Lineon
72%
1ère Normal 115 Kangourex
71%
1ère Normal 137 Porygon
71%
5ème Normal Vol 520 Colombeau
70%
2ème Normal 241 Ecremeuh
69%
2ème Normal 162 Fouinard
69%
4ème Normal 446 Goinfrex
69%
5ème Normal 505 Miradar
69%
5ème Normal 508 Mastouffe
68%
5ème Normal 507 Ponchien
68%
5ème Normal 506 Ponchiot
68%
5ème Normal 504 Ratentif
68%
1ère Normal 132 Metamorph
67%
3ème Normal 289 Monaflemit
67%
4ème Normal Vol 440 Ptiravi
67%
3ème Normal 287 Parecool
66%
3ème Normal 288 Vigoroth
66%
4ème Normal 493 Arceus
65%
6ème Feu Normal 667 Helionceau
65%
6ème Feu Normal 668 Nemelios
65%
1ère Normal 108 Excelangue
64%
6ème Electrique Normal 695 Iguolta
63%
2ème Normal Psy 203 Girafarig
62%
2ème Normal 233 Porygon2
61%
4ème Normal 474 Porygon-Z
60%
6ème Electrique Normal 694 Galvaran
58%
6ème Normal Vol 661 Passerouge
58%
6ème Normal 659 Sapereau
58%
6ème Normal Sol 660 Excavarenne
57%
3ème Normal Fée 298 Azurill
56%
3ème Normal 295 Brouhabam
55%
3ème Normal 293 Chuchmur
55%
4ème Normal 463 Coudlangue
55%
3ème Normal 301 Delcatty
54%
3ème Normal 294 Ramboum
54%
3ème Normal 300 Skitty
54%
4ème Normal 486 Regigigas
53%
2ème Normal 234 Cerfrousse
52%
2ème Normal 206 Insolourdo
52%
3ème Normal 335 Mangriff
52%
5ème Normal Vol 628 Gueriaigle
51%
5ème Normal Psy 648 Meloetta
51%
5ème Normal 531 Nanmeouie
51%
5ème Normal 626 Frison
50%
5ème Normal Vol 627 Furaiglon
50%
5ème Normal Plante 586 Haydaim
50%
2ème Normal 235 Queulorior
50%
5ème Normal Plante 585 Vivaldaim
50%
3ème Normal 352 Kecleon
48%
3ème Normal 351 Morpheo
48%
2ème Normal 216 Teddiursa
48%
2ème Normal 217 Ursaring
48%
4ème Normal 427 Laporeille
47%
4ème Normal 428 Lockpin
47%
4ème Normal 432 Chaffreux
46%
4ème Normal 431 Chaglam
46%
2ème Normal 190 Capumain
45%
4ème Normal 441 Pijako
45%
3ème Normal 327 Spinda
45%
3ème Normal Vol 333 Tylton
45%
6ème Normal 676 Couafarel
44%
4ème Normal 424 Capidextre
43%
2ème Normal Vol 164 Norfang
43%
5ème Normal 572 Chinchidou
41%
5ème Normal 573 Pashmilla
40%
Aucun quiz correspondant
Distribution des résultats
% des personnes avec chaque résultat
Percentile par nombre de réponses
Votre historique - résultats
Vous n’avez pas pris ce quiz depuis la dernière actualisation